| 000 | 00464nam a2200181Ia 4500 | ||
|---|---|---|---|
| 008 | 230524s9999 xx 000 0 und d | ||
| 020 | _a9789384588106 | ||
| 082 | _bJAD | ||
| 100 |
_aV.K. Jadon _942946 |
||
| 245 | 0 | _aAnalysis and Design of Machine Elements | |
| 250 | _a2 | ||
| 260 |
_aNew Delhi _bI.K.International _c2015 |
||
| 300 | _a"XVII,973p;" | ||
| 500 | _aQuantity Number: 1 | ||
| 650 | _aMechanics | ||
| 700 |
_aSuresh Verma _942947 |
||
| 942 | _cBK | ||
| 999 |
_c57906 _d57906 |
||